Քո շրջապատի ծառերը : (Record no. 44872)
[ view plain ]
| 000 -LEADER | |
|---|---|
| fixed length control field | 00760nam a2200205Ia 4500 |
| 003 - CONTROL NUMBER IDENTIFIER | |
| control field | SEM |
| 005 - DATE AND TIME OF LATEST TRANSACTION | |
| control field | 20250416104140.0 |
| 008 - FIXED-LENGTH DATA ELEMENTS--GENERAL INFORMATION | |
| fixed length control field | 141116s1983 ai ||||gr||||||01|||arm|d |
| 040 ## - CATALOGING SOURCE | |
| Original cataloging agency | SEM |
| Transcribing agency | SEM |
| 041 ## - LANGUAGE CODE | |
| Language code of text/sound track or separate title | arm |
| 080 ## - UNIVERSAL DECIMAL CLASSIFICATION NUMBER | |
| Universal Decimal Classification number | Խաչ-221 |
| 100 ## - MAIN ENTRY--PERSONAL NAME | |
| Personal name | Հարությունյան, Լևոն Վռամի |
| 245 ## - TITLE STATEMENT | |
| Title | Քո շրջապատի ծառերը : |
| Remainder of title | Գիտահանրամատչելի ակնարկ / |
| Statement of responsibility, etc. | Լ. Հարությունյան ; Խմբ.՝ Մ. Բերբերյան |
| 260 ## - PUBLICATION, DISTRIBUTION, ETC. | |
| Place of publication, distribution, etc. | Երևան : |
| Name of publisher, distributor, etc. | Սովետական գրող հրատ., |
| Date of publication, distribution, etc. | 1983. |
| 300 ## - PHYSICAL DESCRIPTION | |
| Extent | 223 էջ ; |
| Other physical details | գունանկ. ; |
| Dimensions | 17 սմ |
| 650 ## - SUBJECT ADDED ENTRY--TOPICAL TERM | |
| Topical term or geographic name entry element | Էկոլոգիա |
| General subdivision | Անտառտնտեսություն |
| 653 ## - INDEX TERM--UNCONTROLLED | |
| Uncontrolled term | ՍԷՄ |
| 700 ## - ADDED ENTRY--PERSONAL NAME | |
| Personal name | Բերբերյան, Մ. |
| Relator term | խմբ. |
| Relationship | edt. |
| 942 ## - ADDED ENTRY ELEMENTS (KOHA) | |
| Source of classification or shelving scheme | Universal Decimal Classification |
| Koha item type | Գրքեր/Books |
| Withdrawn status | Lost status | Source of classification or shelving scheme | Damaged status | Not for loan | Collection code | Home library | Current library | Date acquired | Cost, normal purchase price | Inventory number | Total Checkouts | Full call number | Barcode | Date last seen | Price effective from | Koha item type | Public note |
|---|---|---|---|---|---|---|---|---|---|---|---|---|---|---|---|---|---|
| Universal Decimal Classification | Գրապահոց | Մայր Աթոռ Սուրբ Էջմիածին «Վաչե և Թամար Մանուկյան» Մատենադարան | Մայր Աթոռ Սուրբ Էջմիածին «Վաչե և Թամար Մանուկյան» Մատենադարան | 16/04/2025 | 500.00 | Խաչ-221 | Խաչ-221 | Խաչ-221 | 16/04/2025 | 16/04/2025 | Գրքեր/Books | Սպասարկվում է ընթերցասրահ | |||||
| Universal Decimal Classification | Գրապահոց | Մայր Աթոռ Սուրբ Էջմիածին «Վաչե և Թամար Մանուկյան» Մատենադարան | Մայր Աթոռ Սուրբ Էջմիածին «Վաչե և Թամար Մանուկյան» Մատենադարան | 16/04/2025 | 500.00 | Հովհ-284 | 502.7(47.925)/Հ-42 | Հովհ-284 | 16/04/2025 | 16/04/2025 | Գրքեր/Books | Սպասարկվում է 30 օր |